|
|
|
|
| LEADER |
00000cas a2200000 c 4500 |
| 001 |
170838307 |
| 003 |
DE-627 |
| 005 |
20230409221414.0 |
| 007 |
tu |
| 008 |
941106d19841987gw z| p| 0 |0ger c |
| 016 |
7 |
|
|a 016437136
|2 DE-101
|
| 016 |
7 |
|
|a 1114082-3
|2 DE-600
|
| 035 |
|
|
|a (DE-627)170838307
|
| 035 |
|
|
|a (DE-576)363114335
|
| 035 |
|
|
|a (DE-599)ZDB1114082-3
|
| 035 |
|
|
|a (OCoLC)984937638
|
| 040 |
|
|
|a DE-627
|b ger
|c DE-627
|e rakwb
|
| 041 |
|
|
|a ger
|
| 044 |
|
|
|c XA-DE
|
| 082 |
0 |
4 |
|a 340
|q DE-600
|
| 245 |
0 |
0 |
|a Dokumentation zur Verbrechensbekämpfung
|p Landesverband Berlin
|c Landesverband Berlin, Bund Deutscher Kriminalbeamter
|
| 246 |
1 |
|
|i Ansetzungssachtitel
|a Dokumentation zur Verbrechensbekämpfung / Landesverband Berlin
|
| 247 |
1 |
0 |
|a Dokumentation. 1984-1987
|f Nebent.
|
| 264 |
3 |
1 |
|a Essen
|b Verl. Dt. Kriminalpolizei im Schmidt-Römhild-Verl.
|c 1984-1987
|
| 336 |
|
|
|a Text
|b txt
|2 rdacontent
|
| 337 |
|
|
|a ohne Hilfsmittel zu benutzen
|b n
|2 rdamedia
|
| 338 |
|
|
|a Band
|b nc
|2 rdacarrier
|
| 362 |
0 |
|
|a Nachgewiesen 1984 - 1987; damit Ersch. eingest.
|
| 363 |
0 |
0 |
|i 1984
|
| 363 |
1 |
0 |
|i 1987
|
| 655 |
|
7 |
|a Zeitschrift
|0 (DE-588)4067488-5
|0 (DE-627)10454466X
|0 (DE-576)20917000X
|2 gnd-content
|
| 710 |
2 |
|
|a Bund Deutscher Kriminalbeamter
|b Landesverband Berlin
|e Herausgebendes Organ
|0 (DE-588)2068533-6
|0 (DE-627)103663401
|0 (DE-576)192132830
|4 isb
|
| 951 |
|
|
|a JT
|
| ELC |
|
|
|b 1
|
| ORI |
|
|
|a WA-MARC-krimdokb001.raw
|
| SPR |
|
|
|a 1
|t KRI
|